000
00345nam a2200157Ia 4500
100
_a
Groff/J.R/ Weinberg/P.N
650
_a
SQL
942
_c
BK
366
_f
20
654
_a
SQL
245
_a
Complete Reference SQL
260
_b
Tata Mc Graw hill pub co
_a
New Delhi
_c
2003
082
_a
05.133/GRA
_b
GRA
546
_a
ENGLISH
999
_c
29045
_d
29045